<?xml version="1.0" encoding="UTF-8"?>
<record
    xmlns:xsi="http://www.w3.org/2001/XMLSchema-instance"
    xsi:schemaLocation="http://www.loc.gov/MARC21/slim http://www.loc.gov/standards/marcxml/schema/MARC21slim.xsd"
    xmlns="http://www.loc.gov/MARC21/slim">

  <leader>01179nam a22002657a 4500</leader>
  <controlfield tag="005">20170124103133.0</controlfield>
  <datafield tag="010" ind1=" " ind2=" ">
    <subfield code="a">A-809563</subfield>
  </datafield>
  <datafield tag="020" ind1=" " ind2=" ">
    <subfield code="c">95.00</subfield>
  </datafield>
  <datafield tag="035" ind1=" " ind2=" ">
    <subfield code="a">A-809563</subfield>
  </datafield>
  <datafield tag="037" ind1=" " ind2=" ">
    <subfield code="b">Cen Lib/Ret</subfield>
  </datafield>
  <datafield tag="040" ind1=" " ind2=" ">
    <subfield code="a">DPL</subfield>
    <subfield code="b">HN</subfield>
  </datafield>
  <datafield tag="082" ind1=" " ind2=" ">
    <subfield code="a">394.2</subfield>
    <subfield code="b">&#x91C;&#x94B;&#x936;&#x940;&#x913;</subfield>
  </datafield>
  <datafield tag="100" ind1=" " ind2=" ">
    <subfield code="a">&#x91C;&#x94B;&#x936;&#x940;, &#x913;&#x92E;&#x926;&#x924;&#x94D;&#x924; </subfield>
    <subfield code="9">84588</subfield>
  </datafield>
  <datafield tag="245" ind1=" " ind2=" ">
    <subfield code="a">&#x92E;&#x939;&#x93E;&#x92A;&#x941;&#x930;&#x941;&#x937;&#x94B;&#x902; &#x915;&#x940; &#x91C;&#x92F;&#x928;&#x94D;&#x924;&#x93F;&#x92F;&#x93E;&#x901; &#x90F;&#x935;&#x902; &#x92A;&#x930;&#x94D;&#x935; /</subfield>
    <subfield code="c">&#x913;&#x92E;&#x926;&#x924;&#x94D;&#x924; &#x91C;&#x94B;&#x936;&#x940;</subfield>
  </datafield>
  <datafield tag="246" ind1=" " ind2=" ">
    <subfield code="a">Mahapurushon ki jayantiyan ewam parv /</subfield>
    <subfield code="b">by Omdutt Joshi </subfield>
  </datafield>
  <datafield tag="260" ind1=" " ind2=" ">
    <subfield code="a">&#x91C;&#x94B;&#x927;&#x92A;&#x941;&#x930; </subfield>
    <subfield code="b">&#x930;&#x93E;&#x91C;&#x938;&#x94D;&#x925;&#x93E;&#x928;&#x940; &#x938;&#x93E;&#x939;&#x93F;&#x924;&#x94D;&#x92F; &#x938;&#x902;&#x938;&#x94D;&#x925;&#x93E;&#x928; </subfield>
    <subfield code="c">1995</subfield>
  </datafield>
  <datafield tag="270" ind1=" " ind2=" ">
    <subfield code="a">&#x92F;&#x942;.&#x906;&#x908;.&#x91F;&#x940;.&#x915;&#x947; &#x92A;&#x93E;&#x938;, &#x92D;&#x917;&#x935;&#x924;&#x940; &#x92A;&#x94C;&#x927;&#x936;&#x93E;&#x932;&#x93E; &#x915;&#x947; &#x938;&#x93E;&#x92E;&#x928;&#x947; </subfield>
    <subfield code="b">&#x91C;&#x94B;&#x927;&#x92A;&#x941;&#x930; </subfield>
  </datafield>
  <datafield tag="300" ind1=" " ind2=" ">
    <subfield code="a">153&#x92A;&#x943;. </subfield>
    <subfield code="c">20&#x938;&#x947;&#x92E;&#x940;(&#x938;&#x91C;&#x93F;&#x932;&#x94D;&#x926;)</subfield>
  </datafield>
  <datafield tag="500" ind1=" " ind2=" ">
    <subfield code="a"> &#x905;&#x928;&#x941;&#x915;&#x94D;&#x930;&#x92E;&#x93E;&#x923;&#x93F;&#x915;&#x93E; &#x936;&#x93E;&#x92E;&#x93F;&#x932;</subfield>
  </datafield>
  <datafield tag="650" ind1=" " ind2=" ">
    <subfield code="a">&#x91C;&#x92F;&#x902;&#x924;&#x940; -- &#x924;&#x941;&#x932;&#x938;&#x940;&#x926;&#x93E;&#x938; </subfield>
    <subfield code="9">2082</subfield>
  </datafield>
  <datafield tag="650" ind1=" " ind2=" ">
    <subfield code="a">&#x917;&#x93E;&#x902;&#x927;&#x940; &#x91C;&#x92F;&#x902;&#x924;&#x940; </subfield>
    <subfield code="9">84589</subfield>
  </datafield>
  <datafield tag="650" ind1=" " ind2=" ">
    <subfield code="a">Jubilee - Tulsidas</subfield>
    <subfield code="9">84590</subfield>
  </datafield>
  <datafield tag="650" ind1=" " ind2=" ">
    <subfield code="a">Gandhi Jayanti</subfield>
    <subfield code="9">81177</subfield>
  </datafield>
  <datafield tag="942" ind1=" " ind2=" ">
    <subfield code="2">ddc</subfield>
    <subfield code="c">HN</subfield>
    <subfield code="h">394.2</subfield>
    <subfield code="m">&#x91C;&#x94B;&#x936;&#x940;&#x913;</subfield>
  </datafield>
  <datafield tag="999" ind1=" " ind2=" ">
    <subfield code="c">119377</subfield>
    <subfield code="d">119377</subfield>
  </datafield>
  <datafield tag="952" ind1=" " ind2=" ">
    <subfield code="0">0</subfield>
    <subfield code="1">0</subfield>
    <subfield code="4">0</subfield>
    <subfield code="7">0</subfield>
    <subfield code="a">L</subfield>
    <subfield code="b">L</subfield>
    <subfield code="d">2015-09-16</subfield>
    <subfield code="e">Cen Lib/Ret</subfield>
    <subfield code="g">95.00</subfield>
    <subfield code="l">0</subfield>
    <subfield code="o">394.2 &#x91C;&#x94B;&#x936;&#x940;&#x913;</subfield>
    <subfield code="p">A-809563</subfield>
    <subfield code="r">2015-09-16 00:00:00</subfield>
    <subfield code="t">1</subfield>
    <subfield code="v">95.00</subfield>
    <subfield code="w">2015-09-16</subfield>
    <subfield code="y">HN</subfield>
  </datafield>
  <datafield tag="952" ind1=" " ind2=" ">
    <subfield code="0">0</subfield>
    <subfield code="1">0</subfield>
    <subfield code="2">ddc</subfield>
    <subfield code="4">0</subfield>
    <subfield code="7">0</subfield>
    <subfield code="a">L</subfield>
    <subfield code="b">L</subfield>
    <subfield code="d">2016-10-26</subfield>
    <subfield code="e">Cen Lib/Ret</subfield>
    <subfield code="l">0</subfield>
    <subfield code="o">394.2 &#x91C;&#x94B;&#x936;&#x940;&#x913;</subfield>
    <subfield code="p">B-011346</subfield>
    <subfield code="r">2016-10-26 00:00:00</subfield>
    <subfield code="t">2</subfield>
    <subfield code="v">95.00</subfield>
    <subfield code="w">2016-10-26</subfield>
    <subfield code="y">HN</subfield>
  </datafield>
</record>
